000 00323nam a2200133Ia 4500
005 20260328101508.0
008 260328s9999||||xx |||||||||||||| ||und||
100 _aBoinet, Amedee
245 0 _aLa Cathedrale D'Amiens /
_cAmedee Boinet
260 _bHenri Laurens
300 _a79 p.
650 _aARQUITECTURA
942 _cBK
999 _c9095
_d9095